000
00327nam a22001337a 4500
999
_c
13055
_d
13055
020
_a
9781292096193
082
_a
540
100
_a
Karen C.Timberlake
245
_a
General, Organic and Biological Chemistry(Structures of Life)
250
_a
5th Edition
260
_a
USA
_b
Pearson
_c
2016
300
_a
960 Pages
942
_c
BK